000 00239nam a2200097Ia 4500
001 1207568
005 20250827022828.0
008 250824s9999 xx 000 0 und d
245 0 _aAÇIK UFUK
_cİBRAHİM KALIN
260 _bİNSAN YAYINLARI
999 _c1207568
_d1207568